00383cam a2200133 4500020001500000082001200015100001700027245002200044250001200066260002900078300001600107505006500123650006100188 a058227773600a547 FIN1 aFinar, I. L.00aOrganic chemistry a5th ed. aLondon,bLongman,c1995- a942billus.1 av. 2. Stereochemestry and the chemistry of Natural Products. 0aChemistry, Organic.aStereochemistry.aNatural Products.